Sports Quiz

Random Sports or College Quiz
Score 0/20 Timer 07:00
0 Plays Today
Hint Answer % Correct
Team ColorBlue
91.5%
ConferenceBig 10
87.8%
NicknameNittany Lions
86.1%
CityUniversity Park
72.5%
Team ColorWhite
67.1%
Basketball ArenaBryce Jordan Center
53.6%
Fight SongFight On, State
51.7%
Famous Alum: RB Franco _____Harris
48.9%
Primary RivalPittsburgh
45.6%
Football StadiumBeaver Stadium
42.4%
Hint Answer % Correct
Famous Alum: RB Saquon _____Barkley
37.4%
Sport w/ most NCAA ChampionshipsFencing (13)
32.9%
StatePennsylvania
30.1%
No. of Co-ed Varsity Sports1
28.4%
No. of Women's Varsity Sports13
28.2%
No. of Men's Varsity Sports14
25.9%
Famous Alum: OLB _____ HamJack
24.1%
Primary RivalOhio State
24%
Ice Hockey ArenaPegula Ice Arena
21.9%
Athletic DirectorSandy Barbour
11.2%
Remove Ads.
Support Sporcle.
Get the best of Sporcle when you Go Orange. This ad-free experience offers more features, more stats, and more fun while also helping to support Sporcle. Thank you for becoming a member.

You're not logged in!

Compare scores with friends on all Sporcle quizzes.
OR
Log In

Show Comments

Extras

Top Quizzes Today


Score Distribution

Your Account Isn't Verified!

In order to create a playlist on Sporcle, you need to verify the email address you used during registration. Go to your Sporcle Settings to finish the process.

Report this User

Report this user for behavior that violates our Community Guidelines.

Details: